愛知県のドン・キホーテ全店 - Statistics

General Stats
  • This quiz has been taken 5 times
  • The average score is 11 of 47
Answer Stats
% Correct
MEGAドン・キホーテ 豊橋店
100%
栄本店
75%
名古屋本店
75%
緑店
50%
大須店
50%
今池店
50%
ドン・キホーテアピタ 長久手店
50%
岡崎店
50%
春日井店
50%
ドン・キホーテ 刈谷店
25%
パウ中川山王店
25%
栄三丁目店
25%
豊田店
25%
半田店
25%
楽市街道名古屋店
25%
一宮店
25%
新守山店
25%
キラキラドンキ 近鉄パッセ店
25%
ドン・キホーテUNY 碧南店
25%
新安城店
25%
千種香流店
25%
豊田本店
25%
東海名和店
25%
国府店
25%
東海通店
25%
納屋橋店
25%
武豊店
25%
豊田元町店
25%
太田川店
25%
江南店
25%
小牧店
25%
気噴店
25%
ピアゴパワー 守山店
0%
アピタパワー 木曽川店
0%
十四山店
0%
クラスポ蒲郡店
0%
名四丹後通り店
0%
MEGAドン・キホーテUNY 香久山店
0%
吉良店
0%
矢作店
0%
アラタマ店
0%
豊明店
0%
大口店
0%
桃花台店
0%
伝法寺店
0%
一宮大和店
0%
稲沢東店
0%
No matching quizzes found
Score Distribution
Percent of People with Each Score
Percentile by Number Answered
Your Score History
You have not taken this quiz